000 01765nam0a2200397 4500
001 RU\NLR\BIBL_A\012485602
005 20210610114834.0
010 _a978-5-907297-41-8
_9500
021 _aRU
_bАЛ-П-20-00808и
_9АЛ-П-20-0154
035 _a(NLR Aleph) 012485602
035 _a(RuMoRGB)010483776
090 _a12154602
_c12154602
100 _a20210325d2020 u y0rusy50 ca
101 1 _arus
_cyur
102 _aRU
105 _aa|||z|||000ay
200 1 _aЭдейка
_fЕкатерина Галяткина, Юлия Никитина
_gпо мотивам поэмы Леонида Лапцуя,
_gперевод с ненецкого Наталии Грудининой
210 _aЕкатеринбург
_cАльфа Принт
_d2020
215 _a67, [1] с.
_cцв. ил.
_d27
300 _aНа авантит.: Фестиваль ямальской книги
686 0 _aЩ153(2=Н)7-475
686 2 _aШ6(2=Нен)7-5Лапцуй
686 2 _aШ6(2=Р)8-499Галяткина
700 1 _aГаляткина
_bЕ.
_gЕкатерина
701 1 _7ca
_8rus
_aНикитина
_bЮ. В.
_cхудожник
_f1988-
_gЮлия Владимировна
_9146151
_3RU\NLR\AUTH\770146187
702 1 _4570
_7ca
_8rus
_aЛапцуй
_bЛ. В.
_f1932-1982
_gЛеонид Васильевич
_9230924
_3RU\NLR\AUTH\770230980
712 1 2 _4570
_aФестиваль ямальской книги
_d4
_eСалехард
_f2020
_9750046
_3RU\NLR\AUTH\880542847
942 _cBOOK
980 _aNBR
980 _aNB